000
00264nam a2200085Ia 4500
008
160531s9999 xx 000 0 und d
245
_a
Human anatomy and physiology
260
_c
2015
856
_u
http://www.ebooksghana.com/wp-content/uploads/2015/11/Human-Anatomy.pdf
999
_c
295312
_d
295312